Nomenclature de plantes aquatiques - Statistiques

Statistiques générales
  • Ce quiz a été pris 32 fois
  • Le résultat moyen est 53 sur 120
Statistiques - réponses
Par images Réponse % Correct
Fritillaria
80%
Iris
80%
Lythrum
80%
Nuphar
80%
Alisma
70%
Filipendula
70%
lemna
70%
Lysimachia
70%
Myosotis
70%
Potamogeton
70%
Ranunculus
70%
Trapa
70%
Typha
70%
Azolla
60%
Caltha
60%
Cardamine
60%
carex
60%
cyperus
60%
Equisetum
60%
Hippuris
60%
Hydrocharis
60%
Iris
60%
Juncus
60%
Marsilea
60%
Mentha
60%
Mentha
60%
Menyanthes
60%
Myriophyllum
60%
Nelumbo
60%
Phalaris
60%
Phragmites
60%
Ranunculus
60%
Sparganium
60%
Butomus
50%
Caltha
50%
carex
50%
ceratophyllum
50%
cyperus
50%
Elodea
50%
Epipactis
50%
Eriophorum
50%
Gunnera
50%
Hydrocotyle
50%
lemna
50%
Leucojum
50%
Lobelia
50%
Lobelia
50%
Lysimachia
50%
Mimulus
50%
Myriophyllum
50%
Nelumbo
50%
Nymphaea
50%
Orontium
50%
Persicaria
50%
Potamogeton
50%
Salvinia
50%
Typha
50%
Veronica
50%
Victoria
50%
Bletilla
40%
Calla
40%
Cotula
40%
cyperus
40%
Dactylorhiza
40%
eichhornia
40%
Hottonia
40%
Juncus
40%
Juncus
40%
Lysichiton
40%
Myriophyllum
40%
Peltandra
40%
Persicaria
40%
Petasites
40%
Pistia
40%
Pontederia
40%
Potamogeton
40%
Sagittaria
40%
Saururus
40%
Scirpus
40%
Utricularia
40%
Acorus
30%
Alisma
30%
Aponogeton
30%
Azolla
30%
Callitriche
30%
Carex
30%
darmera
30%
Equisetum
30%
Glyceria
30%
Houttuynia
30%
Jussiaea
30%
Lysichiton
30%
Mentha
30%
Mimulus
30%
Nasturtium
30%
Primula
30%
Sagittaria
30%
Sagittaria
30%
Schizostylis
30%
Scirpus
30%
Scirpus
30%
Scirpus
30%
Stratiotes
30%
Thalia
30%
Valeriana
30%
Acorus
20%
Butomus
20%
darmera
20%
Lysimachia
20%
Nymphoides
20%
Peltandra
20%
Peltandra
20%
Phragmites
20%
Phragmites
20%
Pontederia
20%
Scirpus
20%
Aponogeton
10%
carex
10%
Lysimachia
10%
Phalaris
10%
Aucun quiz correspondant
Distribution des résultats
% des personnes avec chaque résultat
Percentile par nombre de réponses
Votre historique - résultats
Vous n’avez pas pris ce quiz